1055 1955 1218 1921 1408 1573 1985 1662 1278 1224 1940 1414 1084 1551 1591 1018 1823 1075 1294 1808 1542 1925 1979 1378 1677 1712 1399 1473 1455 1518 1121 1693 1509 1986 1764 1506 1174 1832 1017 1410 1812 1310 1247 1693 1806 1748 1748 1871 1208 1060 1649 1278 1998 1977 1318 1710 1507 1340 1803 1456 1244 1536 1644 1248 1263 1825 1877 1736 1212 1891 1098 1661 1620 1359 1033 1032 1019 1269 1977 1516 1828 1151 1444 1578 1600 1186 1068 1303 1848 1112 1478 1158 1714 1161 1947 1930 1018 1477 1969 BCNSPRNW ULIB Ver.6.0+V

เปลี่ยนเป็นภาษาไทย

Change to English
 แสดงรายละเอียดบรรณานุกรม
  กลับหน้าหลัก

Brief Record : Get Marc (ISO 2709) : E-mail record : QR code < ปิดหน้าต่าง
LEADER : 00000nam 2200000uu 4500
001    13399111934
003     ULIB
008    110712s2550||||th 000 0 tha d
020    9789747113662
050  4 E340^bร699ค 2550
100 1  รุสโซ, ฌ็อง-ฌ้ากส์,^d1712-1778.
245 10 คำสารภาพ : เล่มที่หนึ่งและเล่มที่สอง /^cฌ็อง-ฌ้ากส์ รุสโซ; พาชื่น องค์วรรณดี, ผู้แปลเล่มที่หนึ่ง ; นพพร ประชากุล, บรรณาธิการแปล ; รัตนสุดา กิตติก้องนภางค์, ผู้แปลเล่มที่สอง; ธรณินทร์ มีเพียร, บรรณาธิการแปล
246 15 Les confessions (livres I et II)
250    พิมพ์ครั้งที่ 1
260    กรุงเทพฯ :^bโครงการจัดพิมพ์คบไฟ,^c2550
300    147 หน้า :^bภาพประกอบ ;^c21ซม.
600 10 รุสโซ, ฌ็อง-ฌ้ากส์,^d1712-1778^xชีวประวัติ
650  7 วรรณกรรมฝรั่งเศส
700 0  พาชื่น องค์วรรณดี,^eผู้แปลเล่มที่หนึ่ง
700 0  ประชากุล,^eบรรณาธิการแปล
700 0  รัตนสุดา กิตติก้องนภางค์,^eผู้แปลเล่มที่สอง
700 0  ธรณินทร์ มีเพียร,^eบรรณาธิการแปล
945    ^p155^l0^i021605
995    ทศพร
999 ^a ใช้งานได้ทุกระบบ
รายการนี้ยังไม่มีแท็ก
คุณยังไม่ได้ล็อกอิน คุณสามารถมีกิจกรรมร่วมกับเว็บไซต์ได้ แต่ต้องล็อกอินก่อน ::
  ล็อกอิน

รายการสื่อสารสนเทศ

ลำดับที่ ประเภท เลขเรียก/บาร์โค้ด สถานที่ สถานะ
- ไม่พบข้อมูล -

BibComment


ยังไม่เคยถูกคอมเมนท์

คอมเมนท์ทรัพยากรรายการนี้
  คอมเมนท์: คำสารภาพ เล่มที่..


 Copyright 2026. Bcnsprnw @Library